[Event "Managua Gomez Argenal Memorial"]
[Site "Managua"]
[Date "2017.06.11"]
[Round "6"]
[White "Cornejo Pena, Oscar Mauricio"]
[Black "Salinas Barrera, Jovani Enrique"]
[Result "1-0"]
[WhiteElo "1701"]
[BlackElo "1591"]
[PlyCount "115"]
[EventDate "2017.06.03"]
[EventType "swiss"]
[EventRounds "9"]
[EventCountry "NCA"]
[SourceTitle "EXT 2018"]
[Source "ChessBase"]
[SourceDate "2017.10.13"]
[SourceVersion "1"]
[SourceVersionDate "2017.10.13"]
[SourceQuality "1"]

1. d4 d5 2. c4 e6 3. Nc3 c6 4. Nf3 Nf6 5. Bg5 h6 6. Bxf6 Qxf6 7. e4 dxe4 8. Nxe4 Qd8 9. Bd3 Bb4+ 10. Ke2 f5 11. Nc3 Nd7 12. Re1 Bd6 13. Kf1 Qf6 14. Qc2 0-0 15. b3 a6 16. c5 Bc7 17. Rxe6 Qd8 18. Bc4 Kh8 19. Re2 Nf6 20. Rae1 b5 21. Be6 Nh7 22. d5 b4 23. d6 bxc3 24. dxc7 Qxc7 25. Qxc3 Nf6 26. Nd2 Qxh2 27. Qh3 Qf4 28. Kg1 Ne4 29. Nxe4 Bxe6 30. Nd6 Bd5 31. Re5 Be4 32. Re7 Rf6 33. Qe3 Qxe3 34. Rxe3 Raf8 35. Nxe4 fxe4 36. Re2 Rd8 37. R2xe4 Rd1+ 38. Re1 Rd2 39. R1e2 Rd5 40. b4 Rf4 41. a3 Rh4 42. Re8+ Kh7 43. g3 Rh3 44. Kg2 Rdh5 45. R2e5 Rh2+ 46. Kf3 R5h3 47. Ra8 h5 48. Rxa6 h4 49. Rh5+ Kg6 50. Rxh4 Rxh4 51. gxh4 Rxh4 52. Rxc6+ Kf5 53. Ra6 g5 54. c6 g4+ 55. Kg2 Rh8 56. c7 Ke5 57. Rc6 Kd5 58. b5 1-0

[Event "Managua Gomez Argenal Memorial"]
[Site "Managua"]
[Date "2017.06.11"]
[Round "5"]
[White "Rios, Edgard"]
[Black "Cornejo Pena, Oscar Mauricio"]
[Result "1-0"]
[WhiteElo "1896"]
[BlackElo "1701"]
[PlyCount "92"]
[EventDate "2017.06.03"]
[EventType "swiss"]
[EventRounds "9"]
[EventCountry "NCA"]
[SourceTitle "EXT 2018"]
[Source "ChessBase"]
[SourceDate "2017.10.13"]
[SourceVersion "1"]
[SourceVersionDate "2017.10.13"]
[SourceQuality "1"]

1. d4 Nf6 2. Bf4 d6 3. Nf3 g6 4. e3 Bg7 5. Be2 Nbd7 6. h3 0-0 7. c4 Re8 8. Bh2 c6 9. Nc3 Qa5 10. 0-0 e5 11. Rb1 e4 12. b4 Qd8 13. Nd2 Nf8 14. Qc2 Qe7 15. Rfd1 Bd7 16. a4 d5 17. c5 a6 18. Nb3 h5 19. b5 axb5 20. axb5 N8h7 21. Ra1 g5 22. Na5 cxb5 23. Nxb7 h4 24. Bd6 Qe6 25. Nxb5 Rac8 26. Na7 Ra8 27. c6 Bc8 28. Be5 g4 29. Nd6 gxh3 30. Nxe8 Nxe8 31. Nxc8 Rxc8 32. Bxg7 Rxc6 33. Qb2 Kxg7 34. Rac1 Rb6 35. Qc2 hxg2 36. Qc8 h3 37. Bg4 h2+ 38. Kxg2 Qg6 39. Qf5 Rf6 40. Qh5 Nd6 41. Rh1 Nc4 42. Rxh2 Qxh5 43. Bxh5 Ng5 44. Rch1 Nd2 45. Rh4 Ndf3 46. Bxf3 exf3+ 1-0

[Event "Managua Gomez Argenal Memorial"]
[Site "Managua"]
[Date "2017.06.03"]
[Round "1"]
[White "Cornejo Pena, Oscar Mauricio"]
[Black "Diego Martinez, Humberto Jose"]
[Result "0-1"]
[WhiteElo "1701"]
[BlackElo "2070"]
[PlyCount "68"]
[EventDate "2017.06.03"]
[EventType "swiss"]
[EventRounds "9"]
[EventCountry "NCA"]
[SourceTitle "EXT 2018"]
[Source "ChessBase"]
[SourceDate "2017.10.13"]
[SourceVersion "1"]
[SourceVersionDate "2017.10.13"]
[SourceQuality "1"]

1. d4 d5 2. c4 c6 3. Nc3 Nf6 4. Nf3 dxc4 5. a4 Bf5 6. Ne5 Nbd7 7. Nxc4 Qc7 8. e3 e5 9. Be2 Bb4 10. 0-0 0-0 11. a5 a6 12. Qa4 Be7 13. Rd1 Rad8 14. b3 exd4 15. exd4 Rfe8 16. Ne3 Be6 17. Bf3 Nf8 18. Ba3 Bxa3 19. Qxa3 Qf4 20. Qb4 Bc8 21. Rd3 Ne6 22. Ne2 Qh4 23. Nf5 c5 24. Qb6 Qg5 25. Ne3 Nd7 26. Qa7 Ne5 27. dxe5 Rxd3 28. Nc1 Rxe3 29. fxe3 Qxe3+ 30. Kf1 Qxe5 31. Rb1 Nd4 32. Nd3 Qe3 33. Ne1 Nxf3 34. Nxf3 Qd3+ 0-1

[Event "Managua Hurtado Memorial 16th"]
[Site "Managua"]
[Date "2016.12.26"]
[Round "1"]
[White "Jimenez Martinez, Alexander"]
[Black "Cornejo Pena, Oscar Mauricio"]
[Result "1-0"]
[WhiteElo "1997"]
[BlackElo "1826"]
[PlyCount "85"]
[EventDate "2016.12.26"]
[EventType "swiss"]
[EventRounds "9"]
[EventCountry "NCA"]
[SourceTitle "CBM 176 Extra"]
[Source "ChessBase"]
[SourceDate "2017.03.02"]
[SourceVersion "1"]
[SourceVersionDate "2017.03.02"]
[SourceQuality "1"]

1. e4 c6 2. d4 d5 3. e5 Bf5 4. Nc3 e6 5. g4 Bg6 6. Nge2 Nd7 7. h4 h5 8. Nf4 Qb6 9. Nxg6 fxg6 10. Qd3 Ne7 11. Bg5 0-0-0 12. 0-0-0 hxg4 13. Be2 Re8 14. Bxg4 c5 15. Na4 Qc6 16. Nxc5 Nxc5 17. dxc5 Nf5 18. h5 gxh5 19. Bxh5 Bxc5 20. Bxe8 Rxe8 21. f3 Kb8 22. Kb1 Rc8 23. c3 a6 24. Bd2 Ka7 25. Rh5 Rf8 26. Rg5 Be7 27. Be3+ Bc5 28. Bxc5+ Qxc5 29. Rdg1 Rh8 30. Rd1 Qf2 31. Rxf5 exf5 32. Qxd5 Qe2 33. e6 Re8 34. Qc5+ Ka8 35. Rd6 Rh8 36. a3 Re8 37. Qxf5 Qf1+ 38. Kc2 Qe2+ 39. Kb3 Rc8 40. Qd5 Ka7 41. Rd7 Qb5+ 42. Qxb5 axb5 43. Rxg7 1-0